000 00435nam a2200169Ia 4500
008 131103s9999 xx 000 0 und d
020 _cRs.24.90
040 _aLoreto College
041 _aEnglish
082 _aREF/ALB
_bLCBED/11510
245 _aFrank album of historical monuments
_b for ICSE students
260 _aDelhi
_bFrank
_c1993
300 _a28p
_c 21cm.
650 _aHistory
850 _aLCBED/REF/ALB
942 _cBK
999 _c30843
_d81322